00382nam a2200133Ia 4500008004100000100002000041245001900061260000900080300003300089440002400122650001100146999001900157952007200176180117s9999 xx 000 0 und d aby Apa Agbayani aFor the Maybes c2017 a8-10 pages, 2017 February 12 aPhilippine Panorama aMAYBES c353572d353572 001040aCLbCLd2018-01-17l0r2018-01-17 00:00:00w2018-01-17ySE